El mercadeo del arroz
Saved in:
| Other Authors: | |
|---|---|
| Format: | Book |
| Language: | Spanish |
| Published: |
Roma :
FAO,
1972
|
| Series: | Fao : guías de mercadeo ;
v. 6 |
| Subjects: |
| LEADER | 00606nam#a2200229#a#4500 | ||
|---|---|---|---|
| 001 | 002918 | ||
| 003 | AR-BeUNQ | ||
| 005 | 20230809203659.0 | ||
| 008 | 960731s1972####it##################spa#d | ||
| 999 | |c 5694 |d 81081 | ||
| 040 | |a AR-beUNQ |e aacr | ||
| 099 | |a 13-A11 | ||
| 245 | 0 | 3 | |a El mercadeo del arroz |c J. C. Abbott ... [et al.] |
| 260 | |a Roma : |b FAO, |c 1972 | ||
| 300 | |a 228 p. : |b il., tablas | ||
| 490 | 0 | |a Fao : guías de mercadeo ; |v v. 6 | |
| 650 | 7 | |a MERCADEO |2 Spines | |
| 650 | 7 | |a MERCADO |2 Spines | |
| 650 | 7 | |a ARROZ |2 Spines | |
| 700 | 1 | |a Abbott, John Cave, |9 4311 |d 1919- | |
| 929 | |j 17234 | ||
| 942 | |c LIB |n 0 | ||